Célébrités présentes dans les Simpson #1 - Statistiques

Statistiques générales
  • Ce quiz a été pris 307 fois
  • Le résultat moyen est 8 sur 20
Statistiques - réponses
Par images Réponse % Correct
Donald Trump
97%
Cristiano Ronaldo
92%
Barrack Obama
88%
Lady Gaga
72%
Kobe Bryant
56%
Elizabeth II
53%
Stephen Hawking
52%
Jimi Hendrix
43%
John Lennon
36%
Arnold Schwarzenegger
30%
George H. W. Bush
27%
Stan Lee
26%
Tom Hanks
24%
Mark Hamill
22%
Bill Gates
21%
Woody Allen
18%
Mikhail Gorbachev
10%
Stephen King
10%
Bret Hart
9%
Drew Barrymore
0%
Aucun quiz correspondant
Distribution des résultats
% des personnes avec chaque résultat
Percentile par nombre de réponses
Votre historique - résultats
Vous n’avez pas pris ce quiz